|
|
|
|
| LEADER |
00000nam a2200000 a 4500 |
| 001 |
vtls008356935 |
| 003 |
SK-MaSNL |
| 005 |
20260301123330.0 |
| 008 |
251124s1973 xo n 00 0 slo |
| 015 |
|
|
|a SNBA1973/06-01480
|
| 035 |
|
|
|a SK01SNK19730049152
|
| 035 |
|
|
|a SKM000051615
|
| 040 |
|
|
|a SNK
|b slo
|c SNK
|e AACR2
|
| 041 |
0 |
|
|a slo
|
| 044 |
|
|
|a xo
|c SK
|
| 080 |
|
|
|a 885.4:323.27(437.6)"1944"(082)
|2 1981
|
| 080 |
|
|
|a 943.76"1944"
|2 1981
|
| 100 |
1 |
|
|a Ruthová, Eva,
|d 1934-
|4 aut
|9 398405
|
| 245 |
1 |
0 |
|a Vzbĺkli ohne na horách
|b pásmo k 29. výr. SNP
|c zost. Eva Ruthová
|
| 260 |
|
|
|a Nitra
|b Okresná knižnica
|c 1973
|
| 300 |
|
|
|a 14 s.
|c 4°
|
| 500 |
|
|
|a Použ. lit. Odkazy na lit. v texte
|
| 563 |
|
|
|a 300 výtl.
|
| 650 |
0 |
7 |
|a Slovenské národné povstanie (1944)
|x výročie 29.
|x pásma literárne
|2 SNK
|9 470169
|
| 655 |
|
7 |
|a zborníky
|2 SNKPH
|9 70165
|
| 958 |
|
|
|a OND
|
| 958 |
|
|
|a RM
|
| 958 |
|
|
|a RK
|
| 958 |
|
|
|a NB
|
| 958 |
|
|
|a LX
|
| 958 |
|
|
|a BQ
|
| 999 |
|
|
|c 735849
|d 737779
|
| 952 |
|
|
|a SNK
|b SNK
|y PREZ
|7 0
|p 17A0898257
|o snkSB 19594
|i snkKSP 4785/73
|0 0
|1 0
|4 0
|d 2015-11-19
|l 0
|r 2025-03-20 00:00:00
|w 2026-02-23
|
| 952 |
|
|
|a SNK
|b SNK
|y VYP
|7 0
|o snkSB 19594 D1
|i snkKSP 4786/73
|0 0
|1 0
|4 0
|d 2015-11-19
|l 0
|r 2026-02-23 22:43:51
|w 2026-02-23
|